Generación y distribución de energía eléctrica en México : período 1939-1949 /

Guardado en:
Detalles Bibliográficos
Autor principal: Rodríguez Mata, Emilio (autor)
Formato: Libro
Idioma:Español
Publicado: México : Banco de México, Oficina de Investigaciones Industriales, 1950, c1950
Etiquetas: Agrega una etiqueta
Sin etiquetas, Sé el primero en etiquetar este registro!

MARC

LEADER 00000nam^a2200000^a^4500
001 000430919
005 20250526000000.0
009 20260310122934.401
037 |a Acervo ITESO - Biblioteca 
041 |a ESP 
091 |a FHM. 05271 
100 |a Rodríguez Mata, Emilio  |e (autor) 
245 1 0 |a Generación y distribución de energía eléctrica en México :  |b período 1939-1949 / 
264 4 |a México :  |b Banco de México, Oficina de Investigaciones Industriales,  |c 1950, c1950 
300 |a 313 p. ;  |c 23.5 cm. 
336 |a texto  |b txt  |2 rdacontenido 
337 |a sin mediación  |b n  |2 rdamedio 
338 |a volumen  |b nc  |2 rdasoporte 
649 |a XX 
910 |a Fondo Hugo B. Margáin 
920 |a Impresos - Libros 
930 |a Libros Antiguos y Raros 
905 |a 126 
901 |a 0500349426  |b IT2  |c LRA  |i D106192  |u 20250526 
902 |a https://opac.biblio.iteso.mx/vufind/Record/000430919